[Event "WLS-chT"]
[Site "Wales"]
[Date "2023.03.12"]
[Round "2.2"]
[White "Gibiec, Ernest"]
[Black "Saunders, Walter NR"]
[Result "1-0"]
[WhiteElo "2122"]
[BlackElo "1960"]
[PlyCount "71"]
[EventDate "2023.02.19"]
[EventType "team-tourn"]
[EventRounds "5"]
[EventCountry "WLS"]
[SourceTitle "EXT 2024"]
[Source "ChessBase"]
[SourceDate "2023.10.10"]
[SourceVersion "1"]
[SourceVersionDate "2023.10.10"]
[SourceQuality "1"]
[WhiteTeam "Newport"]
[BlackTeam "Abergavenny"]
[WhiteTeamCountry "WLS"]
[BlackTeamCountry "WLS"]

1. d4 Nf6 2. Nf3 g6 3. Bg5 Bg7 4. e3 d6 5. Be2 c5 6. Nbd2 Nbd7 7. h3 0-0 8. 0-0 Qc7 9. c3 b6 10. a4 Bb7 11. a5 Rac8 12. Qb3 e5 13. dxe5 dxe5 14. Nc4 Bd5 15. Qa4 Rb8 16. axb6 axb6 17. Na3 Ne4 18. Nb5 Qc6 19. c4 Be6 20. Bd3 f6 21. Bh4 g5 22. Qc2 Bf5 23. Nc3 Nxc3 24. Bxf5 e4 25. bxc3 exf3 26. Bxh7+ Kh8 27. Be4 Qe6 28. Bd5 Qe8 29. Bg3 fxg2 30. Kxg2 Ne5 31. f4 gxf4 32. exf4 Nd7 33. Qf5 Rf7 34. Qh5+ Kg8 35. Ra7 Rd8 36. Rd1 1-0

[Event "WLS-ch 62nd"]
[Site "Cardiff"]
[Date "2016.03.28"]
[Round "7"]
[White "Saunders, Walter NR"]
[Black "Bullen, Alex"]
[Result "1/2-1/2"]
[WhiteElo "2054"]
[BlackElo "2018"]
[PlyCount "100"]
[EventDate "2016.03.25"]
[EventType "swiss"]
[EventRounds "7"]
[EventCountry "WLS"]
[SourceTitle "CBM 171 Extra"]
[Source "ChessBase"]
[SourceDate "2016.04.26"]
[SourceVersion "1"]
[SourceVersionDate "2016.04.26"]
[SourceQuality "1"]

1. Nf3 d5 2. d4 Nf6 3. e3 c5 4. c3 Nc6 5. Be2 Bf5 6. 0-0 e6 7. Bb5 Bd6 8. Qa4 Qc7 9. dxc5 Bxc5 10. Nbd2 0-0 11. Nb3 Bd6 12. Nbd4 Nxd4 13. exd4 a6 14. Be2 b5 15. Qd1 b4 16. Bd2 bxc3 17. Bxc3 Rfc8 18. h3 Ne4 19. Be1 Qb6 20. b3 Ba3 21. Bd3 Nd6 22. Bxf5 Nxf5 23. Qd2 a5 24. Qd3 Rc7 25. Bd2 Bb2 26. Rab1 Bxd4 27. Nxd4 Qxd4 28. Qxd4 Nxd4 29. Rb2 h6 30. Rd1 Nf5 31. Bf4 Rc6 32. g4 Ne7 33. Rd4 f6 34. Ra4 e5 35. Bd2 Rca6 36. Rc2 Nc6 37. Rc5 d4 38. f3 Kf7 39. Kf1 Ke6 40. Ke2 R8a7 41. Kd3 Kd6 42. Kc4 Ra8 43. a3 Kc7 44. h4 R6a7 45. h5 Kd6 46. Rd5+ Kc7 47. Rc5 Ra6 48. Be1 Kd6 49. Rd5+ Ke6 50. Rc5 Kd6 1/2-1/2

[Event "WLS-ch 62nd"]
[Site "Cardiff"]
[Date "2016.03.26"]
[Round "4"]
[White "Kett, Timothy"]
[Black "Saunders, Walter NR"]
[Result "1-0"]
[WhiteElo "2180"]
[BlackElo "2054"]
[PlyCount "67"]
[EventDate "2016.03.25"]
[EventType "swiss"]
[EventRounds "7"]
[EventCountry "WLS"]
[SourceTitle "CBM 171 Extra"]
[Source "ChessBase"]
[SourceDate "2016.04.26"]
[SourceVersion "1"]
[SourceVersionDate "2016.04.26"]
[SourceQuality "1"]

1. e4 d6 2. d4 g6 3. Nc3 Bg7 4. Be3 a6 5. Qd2 b5 6. 0-0-0 Bb7 7. f3 Nd7 8. h4 h5 9. Kb1 Ngf6 10. Nh3 e5 11. Ng5 Qe7 12. g3 0-0 13. Bg2 Rad8 14. Rhe1 exd4 15. Bxd4 Ne5 16. Nd5 Nxd5 17. exd5 Bxd5 18. f4 Bxg2 19. Qxg2 c5 20. Bg1 d5 21. fxe5 d4 22. g4 hxg4 23. Qxg4 Rd5 24. Nf3 Qe6 25. Qe4 Re8 26. c3 f5 27. Qc2 dxc3 28. Rxd5 Qxd5 29. Qxc3 c4 30. Bd4 b4 31. Qe3 Re6 32. h5 gxh5 33. Rg1 Kh8 34. Qg5 1-0

[Event "BCF-chT2 9899 (4NCL)"]
[Site "England"]
[Date "1998.11.21"]
[Round "3.5"]
[White "Saunders, Walter NR"]
[Black "Dilleigh, Stephen P"]
[Result "1/2-1/2"]
[WhiteElo "2155"]
[BlackElo "2072"]
[PlyCount "115"]
[EventDate "1998.10.??"]
[EventType "team"]
[EventRounds "11"]
[EventCountry "ENG"]
[SourceTitle "EXT 2000"]
[Source "ChessBase"]
[SourceDate "1999.11.16"]
[SourceVersion "1"]
[SourceVersionDate "1999.11.16"]
[SourceQuality "1"]
[WhiteTeam "Gwent Dragons"]
[BlackTeam "Bristol II"]
[WhiteTeamCountry "ENG"]
[BlackTeamCountry "ENG"]

1. Nf3 Nf6 2. d4 g6 3. Bg5 Bg7 4. Nbd2 0-0 5. e3 d6 6. Bc4 Nbd7 7. 0-0 e5 8. c3 Qe8 9. Qc2 Kh8 10. e4 h6 11. Bh4 Nh5 12. Rfe1 Nf4 13. dxe5 dxe5 14. Bf1 Nc5 15. b4 Nce6 16. Nc4 f6 17. a4 Nd8 18. Ne3 Be6 19. Nd2 Qf7 20. f3 Nc6 21. Ndc4 Rfe8 22. Rad1 Rad8 23. Rxd8 Rxd8 24. b5 Ne7 25. Rd1 Qe8 26. Rd2 g5 27. Bf2 Rxd2 28. Qxd2 Qd7 29. Qxd7 Bxd7 30. Nd2 b6 31. c4 c5 32. Nd5 Nfxd5 33. cxd5 Nc8 34. Nc4 Bf8 35. Bd3 Nd6 36. Nxd6 Bxd6 37. Kf1 Kg7 38. h4 Kf7 39. Ke2 Ke7 40. hxg5 hxg5 41. Ke3 Be8 42. g3 Bh5 43. Be1 Kf7 44. Bf1 Ke7 45. Bc3 Kd8 46. Bh3 Kc7 47. Kf2 Kd8 48. Bf1 Ke7 49. Be2 Kd8 50. Bc4 Ke7 51. a5 Kd8 52. a6 Ke7 53. Bb2 Kd8 54. Ke3 Ke7 55. Bc3 Kd8 56. Kf2 Ke7 57. Kg2 Kd8 58. g4 1/2-1/2

[Event "Olympiad-33"]
[Site "Elista"]
[Date "1998.10.07"]
[Round "9.3"]
[White "Muir, Andrew Joseph"]
[Black "Saunders, Walter NR"]
[Result "1/2-1/2"]
[WhiteElo "2305"]
[BlackElo "2155"]
[PlyCount "160"]
[EventDate "1998.09.29"]
[EventType "team-swiss"]
[EventRounds "13"]
[EventCountry "RUS"]
[SourceTitle "CBM 068"]
[Source "ChessBase"]
[SourceDate "1999.02.01"]
[SourceVersion "1"]
[SourceVersionDate "1999.02.01"]
[SourceQuality "1"]
[WhiteTeam "Scotland"]
[BlackTeam "Wales"]
[WhiteTeamCountry "SCO"]
[BlackTeamCountry "WLS"]

1. c4 e5 2. g3 Nf6 3. Nc3 d5 4. cxd5 Nxd5 5. Nf3 Nc6 6. d3 Be7 7. Bg2 Be6 8. 0-0 0-0 9. Bd2 Qd7 10. Rc1 f6 11. Na4 Rad8 12. Nc5 Bxc5 13. Rxc5 b6 14. Rc1 Ncb4 15. a3 Na6 16. d4 e4 17. Ne1 f5 18. b4 c5 19. bxc5 bxc5 20. Nc2 c4 21. Ne3 Nxe3 22. Bxe3 Nc7 23. f3 Bd5 24. fxe4 fxe4 25. Bf4 Nb5 26. a4 Nd6 27. Qc2 Rfe8 28. Be5 Qc6 29. Rf4 Nf7 30. Bxe4 Nxe5 31. dxe5 Rxe5 32. Bxd5+ Qxd5 33. Rxc4 Rde8 34. Rd1 Qe6 35. Rc6 Qg4 36. Rd2 h6 37. Qc4+ Qxc4 38. Rxc4 Rxe2 39. Rxe2 Rxe2 40. Rc7 Ra2 41. Rxa7 Kh7 42. Ra6 Kg8 43. Ra7 Kh7 44. a5 Kg8 45. a6 Kh7 46. h4 h5 47. Kf1 Kg6 48. Ke1 Rg2 49. Rb7 Rxg3 50. a7 Ra3 51. Kd2 Kf6 52. Kc2 g5 53. Kb2 Ra4 54. Kb3 Ra1 55. Rb6+ Kf7 56. Rb7+ Kg6 57. hxg5 Kxg5 58. Kb4 Kg4 59. Kb3 Kg5 60. Kb4 Kg4 61. Rg7+ Kf4 62. Rh7 Kg4 63. Rg7+ Kf4 64. Rc7 Rb1+ 65. Kc3 Ra1 66. Kb4 Rb1+ 67. Ka3 Ra1+ 68. Kb3 Ra6 69. Rc4+ Kg3 70. Ra4 Rxa7 71. Rxa7 h4 72. Rg7+ Kf2 73. Rh7 Kg3 74. Kc3 h3 75. Kd3 h2 76. Ke2 Kg2 77. Rg7+ Kh1 78. Rh7 Kg1 79. Kf3 h1Q+ 80. Rxh1+ Kxh1 1/2-1/2

[Event "WLS-ch"]
[Site "Cardiff"]
[Date "1996.??.??"]
[Round "4"]
[White "Saunders, Walter NR"]
[Black "Morris, Charles F"]
[Result "1/2-1/2"]
[WhiteElo "2130"]
[BlackElo "2200"]
[PlyCount "85"]
[EventDate "1996.??.??"]
[EventType "swiss"]
[EventRounds "6"]
[EventCountry "WLS"]
[SourceTitle "EXT 2000"]
[Source "ChessBase"]
[SourceDate "1999.11.16"]
[SourceVersion "1"]
[SourceVersionDate "1999.11.16"]
[SourceQuality "1"]

1. Nf3 d5 2. d4 c6 3. Bf4 Bf5 4. e3 Nd7 5. Be2 Ngf6 6. h3 b5 7. 0-0 e6 8. b3 Ne4 9. c4 g5 10. Bh2 bxc4 11. bxc4 g4 12. hxg4 Bxg4 13. Ne5 Bxe2 14. Qxe2 Nxe5 15. Bxe5 Rg8 16. f3 Ng3 17. Bxg3 Rxg3 18. cxd5 cxd5 19. Nc3 a6 20. Qc2 Bd6 21. Ne2 Rg7 22. Qc6+ Kf8 23. Rac1 Kg8 24. e4 dxe4 25. fxe4 a5 26. e5 Bb4 27. Rc2 Rg4 28. Qc7 Qf8 29. Nf4 Qh6 30. Rcf2 Rf8 31. d5 exd5 32. Nxd5 Rh4 33. Rf4 Rh2 34. Qc2 Kh8 35. e6 Rh1+ 36. Kf2 Rxf1+ 37. Kxf1 Qxe6 38. Qb2+ f6 39. Nxb4 axb4 40. Qxb4 Re8 41. Qd2 Qe5 42. Kg1 Rb8 43. Rf1 1/2-1/2

[Event "WLS-ch"]
[Site "Cardiff"]
[Date "1996.??.??"]
[Round "3"]
[White "Saunders, Walter NR"]
[Black "Zeidler, Sven P"]
[Result "1/2-1/2"]
[WhiteElo "2130"]
[BlackElo "2345"]
[PlyCount "102"]
[EventDate "1996.??.??"]
[EventType "swiss"]
[EventRounds "6"]
[EventCountry "WLS"]
[SourceTitle "EXT 2000"]
[Source "ChessBase"]
[SourceDate "1999.11.16"]
[SourceVersion "1"]
[SourceVersionDate "1999.11.16"]
[SourceQuality "1"]

1. Nf3 f5 2. b3 d6 3. d4 Nf6 4. Bb2 g6 5. e3 Bg7 6. Bd3 0-0 7. 0-0 Nc6 8. Nbd2 e5 9. dxe5 Ng4 10. Nc4 d5 11. h3 Nh6 12. Ncd2 Nf7 13. Qc1 Ncxe5 14. Be2 b6 15. Nxe5 Nxe5 16. Nf3 Qe7 17. Nxe5 Bxe5 18. Bf3 Bb7 19. c4 Rfd8 20. Rd1 c6 21. cxd5 cxd5 22. Bd4 Rac8 23. Qb2 Bb8 24. g3 Rd7 25. Rac1 Rf8 26. b4 h5 27. h4 g5 28. hxg5 Qxg5 29. Be5 h4 30. Bxb8 Rxb8 31. Qe5 Rbd8 32. Kg2 hxg3 33. fxg3 Re7 34. Qf4 Qxf4 35. exf4 d4 36. Bxb7 Rxb7 37. Rd3 Re7 38. Kf3 Rde8 39. Rc2 Re3+ 40. Rxe3 Rxe3+ 41. Kf2 Ra3 42. Rd2 Kf7 43. Rxd4 Rxa2+ 44. Ke3 Ra3+ 45. Kf2 Ke6 46. Rd8 Rb3 47. Ra8 Rxb4 48. Rxa7 Rc4 49. Rb7 Rc5 50. Ke3 Kd5 51. Rf7 Ke6 1/2-1/2